Statistics for First Route Pokémon

Click here to take the quiz!

General Stats

  • This quiz has been taken 167 times
    (143 since last reset)
  • The average score is 68 of 116

Answer Stats

RouteGameTypePokemon% Correct
1YElectricPikachu
100%
1 AllySMElectricPikachu
100%
1RBYNormal/FlyingPidgey
99%
29GSCNormal/FlyingPidgey
99%
29GSCNormalRattata
97%
1SwShNormal/FlyingHoothoot
88%
1GSCNormal/FlyingHoothoot
88%
29GSCNormal/FlyingHoothoot
88%
1RBYNormalRattata
88%
1SMDark*/NormalRattata(Alola)
88%
1GSCNormalSentret
88%
29GSCNormalSentret
88%
101RSENormalZigzagoon
86%
1HGSS(Swarm)DarkPoochyena
80%
101RSEDarkPoochyena
80%
201DPPNormal/FlyingStarly
80%
101RSEBugWurmple
80%
1HGSSBugWurmple
80%
1HGBug/PoisonSpinarak
79%
29CBug/PoisonSpinarak
79%
1SMBug/PoisonSpinarak
79%
201DPPNormalBidoof
76%
1BWNormalPatrat
76%
1LGPEFlying/IceArticuno
74%
1LGPEFlying/FireMoltres
74%
1SMElectricPichu
74%
1LGPENormal/FlyingPidgeot
74%
29GSNormal/FlyingSpearow
74%
1LGPEFlying/ElectricZapdos
74%
1LGPENormal/FlyingPidgeotto
73%
1SSBug/FlyingLedyba
72%
29CBug/FlyingLedyba
72%
1SMBug/FlyingLedyba
72%
1LGPGrass/PoisonOddish
72%
1BWNormalLillipup
71%
1LGEGrass/PoisonBellsprout
70%
1SMBugCaterpie
70%
1SwShBugCaterpie
70%
1LGPEFlying/DragonDragonite
70%
101RSEFireTorchic
70%
101ORASFireChimchar
69%
201PtFireChimchar
69%
101RSEWaterMudkip
69%
101ORASWaterPiplup
69%
201PtWaterPiplup
69%
101RSEGrassTreecko
69%
1LGPEFlying/FireCharizard
68%
101ORASNormalLillipup
68%
201PtGrassTurtwig
68%
101ORASGrassTurtwig
68%
1BWDark/FightingScraggy
67%
29CGrass/FlyingHoppip
63%
29GSBug/FightingHeracross1
62%
101ORASWaterTotodile
62%
101ORASGrassChikorita
61%
101ORASFireCyndaquil
61%
1SwShBugGrubbin
61%
1SMWater/FlyingWingull
61%
201PtBugKricketot
60%
101ORASFireTepig
60%
1GSCNormalFurret
59%
1SMBugGrubbin
59%
101ORASWaterOshawott
59%
1HGSSBug(Steel)Pineco
59%
101ORASGrassSnivy
59%
1SMNormal/FlyingPikipek
57%
1BW2Dark/FightingScrafty
57%
1BWNormalWatchog
57%
1SwShNormalWooloo
56%
29CGrass/PsychicExeggcute
53%
1BWNormalHerdier
53%
1USUMRockRockruff
53%
1CNormalRaticate
52%
1SwShFlyingRookidee
52%
1SMNormalYungoos
52%
1BWWaterBasculin
51%
1SwShBugBlipbug
51%
29HGSS(Sound)ElectricPlusle
51%
1HGSS(Sound)ElectricPlusle
51%
101ORASGrass/BugSewaddle
51%
1HGSS(Sound)ElectricMinun
50%
29HGSS(Sound)ElectricMinun
50%
1HGSS(Sound)ElectricShinx
50%
29HGSS(Sound)ElectricShinx
50%
1USUMDark/PsychicInkay
49%
1BW2NormalStoutland
49%
1USUMFireLitten
47%
1SwShDarkNickit
47%
1USUMGrass/FlyingRowlet
47%
1SMWater/PsychicSlowpoke
47%
1USUMWaterPopplio
44%
1SMWater/PoisonTentacool
43%
201DPP(Radar)PoisonNidoran(Female)
42%
201DPP(Radar)PoisonNidoran(Male)
42%
1SMBugMetapod
40%
1SwShNormalSkwovet
40%
201DPP(Swarm)Normal/FlyingDoduo
38%
201DPP(Slot)FireGrowlithe
32%
1BWNormalAudino
31%
1BW(Swarm)Normal/FlyingFarfetch'd
30%
101ORASDarkZorua
30%
1SMNormalMunchlax
29%
1SMRockBonsly
26%
1 AllySMRockSudowoodo
26%
29GSNormalAipom
24%
1 AllySMNormalSnorlax
23%
1USUMWater/FlyingMantyke
20%
1 AllySMNormalHappiny
19%
1SMNormalBuneary
17%
1BW2NormalDunsparce
13%
1BWWaterFeebas
13%
1BW2NormalJigglypuff
12%
1BWWaterMilotic
11%
1SMWaterFinneon
9%
1 (Ally)USUMWaterRemoraid
9%
1BW2NormalWigglytuff
4%

Score Distribution

Percentile by Number Answered

Percent of People with Each Score

Your Score History

You have not taken this quiz since the last reset